Представление документа в формате RUSMARC

ПолеНазваниеЗначение
  Тип записи a
  Библиографический уровень a
001 Контрольный номер RU/CBS_UL/BASE/6486df2bcf4544f88652547c34bbd19d
005 Дата корректировки 20230330114640.3
100 Данные общей обработки __
a Данные общей обработки 20230330 ||| 0rusy0189 ca
101 Язык документа 0_
a Язык текста rus
102 Страна публикации __
a Страна публикации RU
200 Заглавие и сведения об ответственности 1_
a Заглавие Лишай, исчезай!
e Сведения, относящиеся к заглавию [лишай у человека]
f Первые сведения об ответственности М. Камаев
300 Общие примечания __
a Общие примечания 16+
461 Уровень набора _0
1 2000
a 60 лет - не возраст
463 Уровень физической единицы _0
1 2000
a № 2
v С. 46-50 : фото
1 2101
d 2023
1 001RU/CBS_UL/BASE/723068f86a1b4725936cdb08f926953e
606 Тематические рубрики 0_
a Основная рубрика Кожные болезни
610 Ключевые слова 0_
a Ключевые слова кожные болезни
610 Ключевые слова 0_
a Ключевые слова кожные заболевания
610 Ключевые слова 0_
a Ключевые слова заболевания кожи
610 Ключевые слова 0_
a Ключевые слова лишай
610 Ключевые слова 0_
a Ключевые слова опоясывающий лишай
610 Ключевые слова 0_
a Ключевые слова лечение лишая
610 Ключевые слова 0_
a Ключевые слова фитотерапия при лишае
686 Индексы других классификаций __
2 Код системы rubbk
a Классификационный индекс 55.831.7
700 Автор _1
a Фамилия Камаев
b Имя (инициалы) М.
801 Источник записи _0
a Страна RU
b Организация МБУК ЦБС г. Ульяновска
c Дата составления 20230330
g Правила каталогизации RCR
801 Источник записи _1
a Страна RU
b Организация МБУК ЦБС г. Ульяновска
c Дата составления 20230330
g Правила каталогизации RCR
901 Тип документа __
t Тип документа b
w Контрольный № источника RU/CBS_UL/BASE/723068f86a1b4725936cdb08f926953e